Russia - Ukraine war: strategic conundrum (Record no. 1428975)
[ view plain ]
| 000 -LEADER | |
|---|---|
| fixed length control field | 00875nam a22002537a 4500 |
| 005 - DATE AND TIME OF LATEST TRANSACTION | |
| control field | 20250521161357.0 |
| 008 - FIXED-LENGTH DATA ELEMENTS--GENERAL INFORMATION | |
| fixed length control field | 250521b |||||||| |||| 00| 0 eng d |
| 020 ## - INTERNATIONAL STANDARD BOOK NUMBER | |
| International Standard Book Number | 978-81-971986-5-6 (hbk) |
| 037 ## - SOURCE OF ACQUISITION | |
| Terms of availability | TB |
| 040 ## - CATALOGING SOURCE | |
| Original cataloging agency | CRL |
| Transcribing agency | CRL |
| 041 ## - LANGUAGE CODE | |
| Source of code | eng |
| Language code of text/sound track or separate title | eng |
| 084 ## - COLON CLASSIFICATION NUMBER | |
| Classification number | V58:195(zM) R5 |
| Assigning agency | CRL |
| 245 ## - TITLE STATEMENT | |
| Title | Russia - Ukraine war: strategic conundrum |
| 260 ## - PUBLICATION, DISTRIBUTION, ETC. | |
| Place of publication, distribution, etc. | New Delhi, India: |
| Name of publisher, distributor, etc. | Pentagon Press LLP. |
| Date of publication, distribution, etc. | 2025. |
| 300 ## - PHYSICAL DESCRIPTION | |
| Extent | xii, 265p. |
| 365 ## - TRADE PRICE | |
| Price amount | 1295.00 |
| Currency code | INR |
| 650 ## - SUBJECT ADDED ENTRY--TOPICAL TERM | |
| Topical term or geographic name entry element | History - Russia |
| 9 (RLIN) | 809260 |
| 650 ## - SUBJECT ADDED ENTRY--TOPICAL TERM | |
| Topical term or geographic name entry element | History - Europe |
| 9 (RLIN) | 809261 |
| 650 ## - SUBJECT ADDED ENTRY--TOPICAL TERM | |
| Topical term or geographic name entry element | War |
| 9 (RLIN) | 784512 |
| 700 ## - ADDED ENTRY--PERSONAL NAME | |
| Personal name | Das, Bharti |
| Relator term | editor. |
| 9 (RLIN) | 809262 |
| 700 ## - ADDED ENTRY--PERSONAL NAME | |
| Personal name | Singh, Uday Pratap |
| Relator term | editor. |
| 9 (RLIN) | 809263 |
| 942 ## - ADDED ENTRY ELEMENTS (KOHA) | |
| Source of classification or shelving scheme | Colon Classification (CC) |
| Koha item type | Textbook |
| Classification part | V58:195(zM) R5 |
| Suppress in OPAC | No |
| Withdrawn status | Lost status | Source of classification or shelving scheme | Damaged status | Not for loan | Home library | Current library | Date acquired | Source of acquisition | Cost, normal purchase price | Inventory number | Total Checkouts | Full call number | Barcode | Date last seen | Price effective from | Koha item type |
|---|---|---|---|---|---|---|---|---|---|---|---|---|---|---|---|---|
| Colon Classification (CC) | Central Library | Central Library | 2025-05-21 | Knowledge Warehouse | 1295.00 | 3907 & 2024-12-19 | V58:195(zM) R5 | CL1682287 | 2025-05-21 | 2025-05-21 | Textbook |
